| 000 | 00904nam a2200277 a 4500 | ||
|---|---|---|---|
| 003 | AR-BaBNM | ||
| 005 | 20251128205806.0 | ||
| 008 | 082120s2002 ||||||||||||||000 | spa|| | ||
| 020 | _a968-7798-13-0 | ||
| 040 | _cAR-BaBNM | ||
| 100 | 1 | _aGalaz-Fontes, Jesús Francisco | |
| 245 | 0 | 0 | _aUna propuesta para la coordinación estatal de la educación superior |
| 260 |
_aMéxico, D.F. _bAsociación Nacional de Universidades e Instituciones de Educación Superior _c1997 |
||
| 300 | _a79 p. | ||
| 490 | 0 |
_aTemas de hoy. En la educación superior _vv. 22 |
|
| 504 | _aBibliografía: p. 71-78 | ||
| 610 | 2 | 4 | _aConsejo Estatal de Educación Superior |
| 650 | 4 | _aUNIVERSIDADES ESTATALES | |
| 650 | 4 | _aCOORDINACION EDUCACIONAL | |
| 650 | 4 | _aCOOPERACION REGIONAL | |
| 650 | 4 | _aADMINISTRACION UNIVERSITARIA | |
| 651 | 4 | _aMéxico | |
| 653 | _aEDUCACION SUPERIOR | ||
| 942 | _cBK | ||
| 998 | _carturo | ||
| 999 |
_c12825 _d12825 |
||